000 00845cam0a220020500 4500
001 qce00116885
005 20190815104755.0
008 780313s1952 enk 000 0 eng d
035 _a(Sirsi) r78213
035 _a(QCAT)lss01894239
035 _a(UPRA)qce00116885
040 _dUPRA
130 _a0 a38.1..1.11 l38.1..13.8
_f1952. Williams.
245 1 4 _aThe New Testament :
_ba new translation in plain English by Charles Kingsley Williams.
260 _aLondon :
_bS.P.C.K,
_c1952.
500 _a"Translation ... made from the Greek text lying behind the English Revised Version of 1881, published as Novum Testamentum Graece (Souter, Oxford Press, 1910).
700 1 _aWilliams, C. Kingsley (Charles Kingsley)
_qWilliams, C. Kingsley (Charles Kingsley)
_6A5182.1
949 _aBS2095
_wlcc
_i-107484
_mMAIN
_tBOOK
_lON-SHELF
004 78213
999 _c67002
_d67002